[Event "Llobregat Garcia Memorial 7th"]
[Site "Llobregat"]
[Date "2016.04.09"]
[Round "1"]
[White "Marquez Macarro, Juan Manuel"]
[Black "Fortes Gil, Josep Maria"]
[Result "1-0"]
[WhiteElo "1331"]
[BlackElo "1966"]
[PlyCount "67"]
[EventDate "2016.04.09"]
[EventType "swiss"]
[EventRounds "9"]
[EventCountry "ESP"]
[SourceTitle "EXT 2017"]
[Source "ChessBase"]
[SourceDate "2016.10.25"]
[SourceVersion "1"]
[SourceVersionDate "2016.10.25"]
[SourceQuality "1"]

1. e4 c5 2. Nf3 g6 3. d3 Bg7 4. c3 Nc6 5. Nbd2 d6 6. h3 Nf6 7. Be2 0-0 8. 0-0 a5 9. Rb1 a4 10. a3 b5 11. d4 c4 12. e5 dxe5 13. dxe5 Ne8 14. Re1 Qd5 15. Nf1 Be6 16. Ne3 Qxd1 17. Rxd1 Nxe5 18. Ng5 Bc8 19. Nd5 Bf6 20. Nb6 Rb8 21. Nxc8 Rxc8 22. f4 Bxg5 23. fxg5 Nd6 24. Bf4 Rc5 25. Be3 Rc6 26. Rd5 Nd7 27. Bf3 Ra6 28. Bf4 Nb6 29. Rd2 Nbc8 30. Rbd1 Re8 31. Bg4 Ne4 32. Re2 f5 33. gxf6 exf6 34. Bxc8 1-0

[Event "Martorell op 23rd"]
[Site "Martorell"]
[Date "2015.10.24"]
[Round "5"]
[White "Sharaibi, Olufemi"]
[Black "Fortes Gil, Josep Maria"]
[Result "1-0"]
[WhiteElo "2176"]
[BlackElo "2032"]
[PlyCount "163"]
[EventDate "2015.09.19"]
[EventType "swiss"]
[EventRounds "8"]
[EventCountry "ESP"]
[SourceTitle "EXT 2017"]
[Source "ChessBase"]
[SourceDate "2016.10.25"]
[SourceVersion "1"]
[SourceVersionDate "2016.10.25"]
[SourceQuality "1"]

1. e4 c5 2. Nf3 g6 3. Bd3 Bg7 4. c3 Nc6 5. Bc2 e5 6. h3 Nge7 7. 0-0 0-0 8. d3 d5 9. Be3 d4 10. Bg5 Be6 11. Bxe7 Qxe7 12. Nbd2 f5 13. Bb3 Bxb3 14. Qxb3+ Kh8 15. Rfe1 f4 16. cxd4 cxd4 17. Rac1 Bf6 18. a3 g5 19. Rc2 Rg8 20. Nh2 Rg7 21. Rec1 h5 22. f3 Qd7 23. Qd5 Rd8 24. Qxd7 Rdxd7 25. b4 a6 26. Nc4 Bd8 27. Nb2 Ne7 28. Rc5 Ng6 29. Rc8 Kh7 30. Na4 Ne7 31. R8c2 Nc6 32. Nc5 Rde7 33. Nxa6 Na7 34. Nc5 Nb5 35. a4 Nc3 36. a5 b6 37. axb6 Bxb6 38. Ra1 Ra7 39. Rxa7 Rxa7 40. Ne6 Kg6 41. Nf1 Ra1 42. Kf2 Rb1 43. Nd2 Rxb4 44. Nc4 Kf6 45. Nf8 Bc7 46. Nd7+ Ke6 47. Nc5+ Kf6 48. Kg1 Rb1+ 49. Kh2 Rb5 50. Na6 Ba5 51. Rb2 Rxb2 52. Nxb2 Na2 53. Kg1 Bc3 54. Nc4 Nc1 55. Nc5 Bb4 56. Nd7+ Ke6 57. Ndxe5 Bd6 58. Nxd6 Kxd6 59. Nf7+ Ke6 60. Nxg5+ Kf6 61. h4 Nxd3 62. Kf1 Ne5 63. Nh3 Ng6 64. Ke2 Ke5 65. Nf2 Kd6 66. Nd3 Ke6 67. Kf2 Kf6 68. g3 fxg3+ 69. Kxg3 Ne7 70. f4 Nc6 71. Kf3 Ke6 72. f5+ Kf6 73. Kf4 Ke7 74. e5 Kf7 75. Kg5 Ne7 76. e6+ Ke8 77. f6 Nd5 78. Kg6 Kf8 79. Kf5 Nc7 80. Ke5 Nb5 81. Nf4 Ke8 82. f7+ 1-0

[Event "Martorell op 23rd"]
[Site "Martorell"]
[Date "2015.10.17"]
[Round "4"]
[White "Fortes Gil, Josep Maria"]
[Black "Lluverol Torrents, Salvador"]
[Result "1/2-1/2"]
[WhiteElo "2032"]
[BlackElo "2104"]
[PlyCount "46"]
[EventDate "2015.09.19"]
[EventType "swiss"]
[EventRounds "8"]
[EventCountry "ESP"]
[SourceTitle "EXT 2017"]
[Source "ChessBase"]
[SourceDate "2016.10.25"]
[SourceVersion "1"]
[SourceVersionDate "2016.10.25"]
[SourceQuality "1"]

1. e4 c5 2. c3 g6 3. f4 Bg7 4. Nf3 Nc6 5. Bc4 d6 6. 0-0 Nf6 7. d3 0-0 8. f5 gxf5 9. Qe1 fxe4 10. dxe4 Bg4 11. Qh4 Bxf3 12. Rxf3 Ne5 13. Rg3 Ng6 14. Qg5 e6 15. Rh3 a6 16. a4 b5 17. axb5 axb5 18. Rxa8 Qxa8 19. Bxb5 Nxe4 20. Qh5 Nf6 21. Qd1 Ne4 22. Qh5 Nf6 23. Qd1 Qe4 1/2-1/2

[Event "Martorell op 23rd"]
[Site "Martorell"]
[Date "2015.09.19"]
[Round "1"]
[White "Fortes Gil, Josep Maria"]
[Black "Lacasta Palacio, Joaquim"]
[Result "0-1"]
[WhiteElo "2032"]
[BlackElo "2208"]
[PlyCount "78"]
[EventDate "2015.09.19"]
[EventType "swiss"]
[EventRounds "8"]
[EventCountry "ESP"]
[SourceTitle "EXT 2017"]
[Source "ChessBase"]
[SourceDate "2016.10.25"]
[SourceVersion "1"]
[SourceVersionDate "2016.10.25"]
[SourceQuality "1"]

1. e4 c5 2. Nc3 a6 3. a4 d6 4. f4 Nc6 5. Bc4 Nf6 6. Nf3 Bg4 7. h3 Bxf3 8. Qxf3 e6 9. d3 Be7 10. 0-0 0-0 11. Qg3 d5 12. Ba2 Nd4 13. Rf2 b5 14. f5 exf5 15. exf5 Kh8 16. Bg5 c4 17. Re1 Bc5 18. Kh1 b4 19. Nd1 b3 20. cxb3 cxb3 21. Bb1 Nc2 22. Ree2 Bxf2 23. Nxf2 Nd4 24. Re5 Qd6 25. Qe3 Nc2 26. Qd2 Rac8 27. Bf4 Qb4 28. Bg5 Nd4 29. Qe3 Nc2 30. Qe2 Qd4 31. Nd1 Nh5 32. Kh2 f6 33. Re7 fxg5 34. Qxh5 Qf4+ 35. g3 Qxf5 36. Qe2 Nd4 37. Qe3 Nf3+ 38. Kg2 d4 39. Qf2 Rc1 0-1

[Event "Catalunya-chT Primera Gp1"]
[Site "Catalunya"]
[Date "2008.02.24"]
[Round "5"]
[White "Angelats Morato, Rafael"]
[Black "Fortes Gil, Josep Maria"]
[Result "1/2-1/2"]
[WhiteElo "2148"]
[BlackElo "1976"]
[PlyCount "58"]
[EventDate "2008.01.27"]
[EventType "team-tourn"]
[EventRounds "9"]
[EventCountry "ESP"]
[SourceTitle "EXT 2019"]
[Source "ChessBase"]
[SourceDate "2018.10.10"]
[SourceVersion "1"]
[SourceVersionDate "2018.10.10"]
[SourceQuality "1"]

1. d4 g6 2. Nc3 Bg7 3. e4 c5 4. Be3 Qa5 5. Qd2 cxd4 6. Bxd4 Bxd4 7. Qxd4 Nf6 8. Be2 Nc6 9. Qd2 d6 10. h4 h5 11. f3 a6 12. 0-0-0 Be6 13. Kb1 Rc8 14. Nd5 Bxd5 15. exd5 Qxd2 16. Rxd2 Ne5 17. b3 b5 18. Nh3 Rc5 19. Rhd1 0-0 20. Nf2 Rfc8 21. g4 hxg4 22. fxg4 Rc3 23. g5 Nfd7 24. Rg1 Nf3 25. Bxf3 Rxf3 26. Re1 Kf8 27. Nd3 Rh3 28. Re4 Nb6 29. Nf4 Rg3 1/2-1/2

[Event "Catalunya-ch"]
[Site "Barcelona"]
[Date "2007.04.06"]
[Round "6"]
[White "Corretja Torrens, Jordi"]
[Black "Fortes Gil, Josep Maria"]
[Result "0-1"]
[WhiteElo "1895"]
[BlackElo "1987"]
[PlyCount "96"]
[EventDate "2007.04.01"]
[EventType "swiss"]
[EventRounds "9"]
[EventCountry "ESP"]
[SourceTitle "CBM 117 Extra"]
[Source "ChessBase"]
[SourceDate "2007.05.09"]
[SourceVersion "1"]
[SourceVersionDate "2007.05.09"]
[SourceQuality "1"]

1. e4 c5 2. Nf3 g6 3. d4 cxd4 4. Nxd4 Bg7 5. Be3 Nf6 6. f3 Nc6 7. Qd2 0-0 8. Nc3 d5 9. Nxc6 bxc6 10. e5 Nd7 11. e6 fxe6 12. Bh6 Qc7 13. Bxg7 Kxg7 14. 0-0-0 Qf4 15. Qxf4 Rxf4 16. h4 h6 17. Bd3 Rb8 18. h5 g5 19. Ne2 Rfb4 20. b3 e5 21. Ng3 e6 22. Rde1 a5 23. Rhg1 R4b6 24. a4 Ba6 25. Bxa6 Rxa6 26. Nh1 Rf8 27. Nf2 Rb6 28. Ng4 Rf5 29. Ne3 Rf4 30. Ng4 e4 31. Nh2 Rh4 32. Rh1 Nf6 33. g4 Rh3 34. fxe4 Nxe4 35. Re2 Ng3 36. Re3 e5 37. Rg1 Rxh2 38. Rgxg3 e4 39. Rg1 Rf2 40. Kd1 Rb7 41. Rc3 Rc7 42. Rc5 e3 43. Rxa5 e2+ 44. Ke1 Rcf7 45. Rg3 Rh2 46. Rg1 Rf4 47. Ra7+ Kf6 48. Rc7 Rd4 0-1

[Event "Catalunya-ch"]
[Site "Barcelona"]
[Date "2007.04.05"]
[Round "5"]
[White "Fortes Gil, Josep Maria"]
[Black "Julbe Canet, Josep"]
[Result "0-1"]
[WhiteElo "1987"]
[BlackElo "2136"]
[PlyCount "122"]
[EventDate "2007.04.01"]
[EventType "swiss"]
[EventRounds "9"]
[EventCountry "ESP"]
[SourceTitle "CBM 117 Extra"]
[Source "ChessBase"]
[SourceDate "2007.05.09"]
[SourceVersion "1"]
[SourceVersionDate "2007.05.09"]
[SourceQuality "1"]

1. e4 e5 2. Nf3 Nc6 3. d4 exd4 4. Bc4 d6 5. Nxd4 Ne5 6. Be2 Nf6 7. Nc3 c6 8. Nf3 Ng6 9. 0-0 Be7 10. a4 0-0 11. h3 Bd7 12. Be3 Re8 13. Qd3 Qc7 14. Rfd1 Rad8 15. a5 Qb8 16. Qd2 h6 17. Nd4 Bf8 18. f3 d5 19. exd5 Qe5 20. dxc6 bxc6 21. Kf2 c5 22. f4 Qe7 23. Nf3 Bb5 24. Qc1 Bxe2 25. Rxd8 Rxd8 26. Nxe2 Ne4+ 27. Kg1 Re8 28. Ra3 Nd6 29. Rc3 Nf5 30. Kf2 c4 31. Ng3 Nxe3 32. Rxe3 Qc5 33. f5 Nf4 34. Nf1 Nd5 35. c3 Nxe3 36. Nxe3 Qxa5 37. Nd4 Qc7 38. g3 Bd6 39. Nf1 Bc5 40. Qd2 Qe5 41. Ne3 Bd6 42. Nf1 a5 43. Qe3 Qxe3+ 44. Nxe3 Bxg3+ 45. Kf3 Be5 46. Nc6 Bc7 47. Nxc4 a4 48. Nd4 Re1 49. Nb5 Bb8 50. Nb6 Rf1+ 51. Ke4 Rf4+ 52. Ke3 Rxf5 53. Nd4 Ra5 54. c4 Ba7 55. Nd5 a3 56. bxa3 Rxa3+ 57. Ke4 Bxd4 58. Kxd4 Rxh3 59. c5 Kf8 60. c6 Ke8 61. Kc5 Rh5 0-1

[Event "Catalunya-ch"]
[Site "Barcelona"]
[Date "2007.04.02"]
[Round "2"]
[White "Fortes Gil, Josep Maria"]
[Black "Padros Martinez, Albert"]
[Result "1-0"]
[WhiteElo "1987"]
[BlackElo "1861"]
[PlyCount "95"]
[EventDate "2007.04.01"]
[EventType "swiss"]
[EventRounds "9"]
[EventCountry "ESP"]
[SourceTitle "CBM 117 Extra"]
[Source "ChessBase"]
[SourceDate "2007.05.09"]
[SourceVersion "1"]
[SourceVersionDate "2007.05.09"]
[SourceQuality "1"]

1. e4 e5 2. Nf3 Qe7 3. Nc3 c6 4. d4 d6 5. Bg5 Qc7 6. Qd2 Be7 7. 0-0-0 Nf6 8. h3 0-0 9. g4 Nbd7 10. Bh4 b5 11. Bg3 b4 12. Ne2 Nxe4 13. Qe3 Nxg3 14. Nxg3 a5 15. Nf5 Bf6 16. g5 exd4 17. N3xd4 Bxd4 18. Qxd4 Ne5 19. Nxd6 Qe7 20. f4 Ng6 21. h4 c5 22. Qd2 Rd8 23. h5 Nf8 24. Bg2 Qe6 25. Bd5 Qxd6 26. Bxa8 Qxd2+ 27. Rxd2 Rxd2 28. Kxd2 Ne6 29. Re1 Kf8 30. Bc6 g6 31. h6 Ke7 32. c3 Kd6 33. Be8 Nxf4 34. Bxf7 Be6 35. Re4 bxc3+ 36. bxc3 Bxf7 37. Rxf4 Bxa2 38. Rf6+ Ke5 39. Ra6 Kf4 40. Rxa5 Be6 41. Rxc5 Bf5 42. Rc7 Kxg5 43. Rxh7 Kh5 44. Rh8 g5 45. Ke3 g4 46. Kf2 Bd3 47. h7 Kh4 48. Rd8 1-0

[Event "Barcelona Rubi op-A 5th"]
[Site "Barcelona"]
[Date "2004.04.??"]
[Round "1"]
[White "Canovas Pardo, Alberto"]
[Black "Fortes Gil, Josep Maria"]
[Result "1-0"]
[WhiteElo "2147"]
[BlackElo "2075"]
[PlyCount "69"]
[EventDate "2004.04.25"]
[EventType "swiss"]
[EventRounds "9"]
[EventCountry "ESP"]
[SourceTitle "EXT 2007"]
[Source "ChessBase"]
[SourceDate "2006.11.23"]
[SourceVersion "1"]
[SourceVersionDate "2006.11.23"]
[SourceQuality "1"]

1. d4 g6 2. c4 Bg7 3. e4 Nc6 4. Be3 e5 5. d5 Nd4 6. Ne2 c5 7. dxc6 dxc6 8. Nbc3 Ne7 9. Qd2 0-0 10. 0-0-0 Nxe2+ 11. Qxe2 Qa5 12. g4 Be6 13. h4 h6 14. Bh3 Qb4 15. c5 Qc4 16. Qxc4 Bxc4 17. Rd7 Rfe8 18. Rxb7 Be6 19. g5 Bxh3 20. Rxh3 hxg5 21. Bxg5 f6 22. Bd2 Kf7 23. h5 gxh5 24. Rxh5 Kg6 25. Rh3 Kf7 26. Rd3 Reb8 27. Rxb8 Rxb8 28. Rd7 Ra8 29. Na4 Bf8 30. b4 Ke6 31. Rc7 f5 32. f3 Kf6 33. Nb2 Ke6 34. Kc2 Bg7 35. Nc4 1-0

[Event "Barcelona Rubi op 3rd"]
[Site "Barcelona"]
[Date "2002.04.27"]
[Round "1"]
[White "Ferron Garcia, Carlos"]
[Black "Fortes Gil, Josep Maria"]
[Result "1-0"]
[WhiteElo "2380"]
[BlackElo "2115"]
[PlyCount "61"]
[EventDate "2002.04.27"]
[EventType "swiss"]
[EventRounds "9"]
[EventCountry "ESP"]
[SourceTitle "CBM 088 Extra"]
[Source "ChessBase"]
[SourceDate "2002.07.01"]
[SourceVersion "2"]
[SourceVersionDate "2002.07.01"]
[SourceQuality "1"]

1. e4 g6 2. d4 Bg7 3. Nc3 c5 4. Nge2 cxd4 5. Nxd4 Nc6 6. Be3 Nf6 7. f3 0-0 8. Bc4 Qb6 9. Rb1 Nxe4 10. Nd5 Qc5 11. Nxc6 Qxc4 12. Ncxe7+ Kh8 13. fxe4 Qxe4 14. 0-0 b6 15. Rf4 Qe6 16. Bd4 Bb7 17. Bxg7+ Kxg7 18. Qd4+ f6 19. Rbf1 Bxd5 20. Nxd5 Qe5 21. Qxe5 fxe5 22. Rxf8 Rxf8 23. Rxf8 Kxf8 24. Kf2 Kf7 25. Ke3 d6 26. Ke4 h6 27. c4 Ke6 28. b4 Kd7 29. b5 Ke6 30. Nb4 Kd7 31. Kd5 1-0

[Event "Barcelona Rubi op 3rd"]
[Site "Barcelona"]
[Date "2002.??.??"]
[Round "2"]
[White "Fortes Gil, Josep Maria"]
[Black "Fernandez Ruiz, Jose Luis"]
[Result "0-1"]
[WhiteElo "2115"]
[BlackElo "2005"]
[PlyCount "81"]
[EventDate "2002.04.27"]
[EventType "swiss"]
[EventRounds "9"]
[EventCountry "ESP"]
[SourceTitle "CBM 088 Extra"]
[Source "ChessBase"]
[SourceDate "2002.07.01"]
[SourceVersion "2"]
[SourceVersionDate "2002.07.01"]
[SourceQuality "1"]

1. e4 b6 2. d4 e6 3. Nc3 Bb7 4. Nf3 Bb4 5. Bd3 Nf6 6. Qe2 c5 7. a3 Bxc3+ 8. bxc3 c4 9. Bxc4 Nxe4 10. Bb2 Qc7 11. 0-0 0-0 12. Bd3 Nxc3 13. Bxh7+ Kxh7 14. Ng5+ Kg6 15. Qg4 Qf4 16. Qxf4 Ne2+ 17. Kh1 Nxf4 18. Nf3 Nc6 19. c4 d6 20. Bc1 Nh5 21. Be3 Ba6 22. Rfc1 Na5 23. Nd2 d5 24. c5 Nc4 25. Nb3 Nxe3 26. fxe3 Rfc8 27. Nd2 Nf6 28. Nf3 Ne4 29. Ne5+ Kf6 30. cxb6 axb6 31. Nd7+ Ke7 32. Nxb6 Rxc1+ 33. Rxc1 Rb8 34. Rb1 Kd8 35. a4 Nd6 36. Rb2 Kc7 37. a5 Nc4 38. Rf2 f6 39. Rc2 Kd6 40. Nxc4+ dxc4 41. h3 0-1

[Event "Barcelona Rubi op 3rd"]
[Site "Barcelona"]
[Date "2002.??.??"]
[Round "3"]
[White "Serrano, Hilario"]
[Black "Fortes Gil, Josep Maria"]
[Result "0-1"]
[WhiteElo "1950"]
[BlackElo "2115"]
[PlyCount "50"]
[EventDate "2002.04.27"]
[EventType "swiss"]
[EventRounds "9"]
[EventCountry "ESP"]
[SourceTitle "CBM 088 Extra"]
[Source "ChessBase"]
[SourceDate "2002.07.01"]
[SourceVersion "2"]
[SourceVersionDate "2002.07.01"]
[SourceQuality "1"]

1. e4 c5 2. Nf3 Nc6 3. d4 cxd4 4. Nxd4 g6 5. Be3 Bg7 6. c3 Nf6 7. Bd3 0-0 8. 0-0 d5 9. exd5 Nxd4 10. Bxd4 Qxd5 11. Re1 Re8 12. Re5 Qd6 13. Rg5 e5 14. Be3 Rd8 15. Qb3 Qxd3 16. Nd2 Qd5 17. c4 Qd6 18. Nf3 Ne4 19. Re1 h6 20. c5 Qe6 21. Qxe6 Bxe6 22. Rxe5 Bxe5 23. Nxe5 Rd5 24. Nf3 Nxc5 25. Bxh6 Nd3 0-1